<?xml version="1.0" encoding="UTF-8"?>
<collection xmlns="http://www.loc.gov/MARC21/slim">
 <record>
  <leader>01190nam a2200205 a 4500</leader>
  <controlfield tag="001">1/51952</controlfield>
  <controlfield tag="008">210404s1997    gr            000 | gre d</controlfield>
  <datafield tag="020" ind1=" " ind2=" ">
   <subfield code="a">9963584411</subfield>
  </datafield>
  <datafield tag="040" ind1=" " ind2=" ">
   <subfield code="a">GR-PeUP</subfield>
  </datafield>
  <datafield tag="082" ind1="0" ind2="0">
   <subfield code="a">341.2422095693 IKMΕ</subfield>
  </datafield>
  <datafield tag="110" ind1="2" ind2=" ">
   <subfield code="a">Ίδρυμα Κοινωνικοπολιτικών Μελετών.</subfield>
  </datafield>
  <datafield tag="245" ind1="1" ind2="0">
   <subfield code="a">Κύπρος Ευρωπαϊκή Ένωση : </subfield>
   <subfield code="b">συμβολή στην προετοιμασία για αποτελεσματικές διαπραγματεύσεις ένταξης /</subfield>
   <subfield code="c">Ίδρυμα Κοινωνικοπολιτικών Μελετών.</subfield>
  </datafield>
  <datafield tag="260" ind1=" " ind2=" ">
   <subfield code="a">Λευκωσία : </subfield>
   <subfield code="b">Εκδόσεις Ερμογένης, </subfield>
   <subfield code="c">1997.</subfield>
  </datafield>
  <datafield tag="300" ind1=" " ind2=" ">
   <subfield code="a">127 σ. ; </subfield>
   <subfield code="c">21 εκ.</subfield>
  </datafield>
  <datafield tag="500" ind1=" " ind2=" ">
   <subfield code="a">Εισηγήσεις σε σεμινάριο που πραγματοποιήθηκε στη Λευκωσία στις 15 και 16 Νοεμβρίου 1997.</subfield>
  </datafield>
  <datafield tag="610" ind1="2" ind2="4">
   <subfield code="a">Ευρωπαϊκή Ένωση</subfield>
   <subfield code="x">Ένταξη</subfield>
   <subfield code="z">Κύπρος..</subfield>
  </datafield>
  <datafield tag="610" ind1="2" ind2="4">
   <subfield code="a">European Union </subfield>
   <subfield code="x">Integration</subfield>
   <subfield code="z">Cyprus..</subfield>
  </datafield>
  <datafield tag="852" ind1=" " ind2=" ">
   <subfield code="a">INST</subfield>
   <subfield code="b">UNIPILB</subfield>
   <subfield code="c">MAIN</subfield>
   <subfield code="e">20210404</subfield>
   <subfield code="h">341.2422095693 IKME</subfield>
   <subfield code="p">00182003</subfield>
   <subfield code="q">00182003</subfield>
   <subfield code="t">LOAN</subfield>
   <subfield code="y">0</subfield>
   <subfield code="4">1</subfield>
  </datafield>
  <datafield tag="852" ind1=" " ind2=" ">
   <subfield code="a">INST</subfield>
   <subfield code="b">UNIPILB</subfield>
   <subfield code="c">MAIN</subfield>
   <subfield code="e">20210830</subfield>
   <subfield code="h">341.2422095693 IKME</subfield>
   <subfield code="p">00183269</subfield>
   <subfield code="q">00183269</subfield>
   <subfield code="t">LOAN</subfield>
   <subfield code="y">0</subfield>
   <subfield code="4">2</subfield>
  </datafield>
  <datafield tag="960" ind1=" " ind2=" ">
   <subfield code="a">ΜΑΡΙΑ ΒΕΛ</subfield>
  </datafield>
 </record>
</collection>
